[Event "M19"]
[Site "Vinkovci"]
[Date "2017.07.27"]
[Round "5.2"]
[White "Safar, Sandro"]
[Black "Pavcevic, Bruno"]
[Result "1-0"]
[WhiteElo "2185"]
[BlackElo "2050"]
[PlyCount "73"]
[EventDate "2017.07.24"]

1. e4 c5 2. Nc3 Nc6 3. f4 d6 4. d3 g6 5. Nf3 Bg7 6. g3 e5 7. Bg2 Nge7 8. Be3
O-O 9. O-O Nd4 10. Rb1 Rb8 11. Ne2 b5 12. c3 Nxe2+ 13. Qxe2 exf4 14. gxf4 Be6
15. a3 Qc7 16. Ng5 h6 17. Nxe6 fxe6 18. Bh3 e5 19. fxe5 dxe5 20. Qg4 Kh7 21.
Rxf8 Bxf8 22. Rf1 Qd6 23. Rf7+ Kh8 24. Qd7 Qxd7 25. Bxd7 Ng8 26. b4 cxb4 27.
axb4 a6 28. Ba7 Rb7 29. Be6 Rxf7 30. Bxf7 Ne7 31. Be8 Kg7 32. Kf2 g5 33. Bd7
Kg6 34. Bc5 Kh5 35. h3 Kh4 36. Kg2 Ng6 37. Bf2+ 1-0

[Event "M19"]
[Site "Vinkovci"]
[Date "2017.07.27"]
[Round "5.3"]
[White "Vojak, Daniel"]
[Black "Erenda, Bruno"]
[Result "1-0"]
[WhiteElo "2197"]
[BlackElo "1997"]
[PlyCount "79"]
[EventDate "2017.07.24"]

1. d4 d5 2. Nf3 Nf6 3. Bf4 c5 4. e3 Nc6 5. c3 Qb6 6. Qc1 Bf5 7. Nh4 Bg6 8. Nxg6
hxg6 9. Nd2 e6 10. Bd3 Be7 11. Nf3 O-O 12. O-O Rfc8 13. h3 Qd8 14. Qd1 Bd6 15.
dxc5 Bxc5 16. c4 Qb6 17. Qe2 Nb4 18. cxd5 Nfxd5 19. Be5 Nxd3 20. Qxd3 Rd8 21.
Qe4 Qb4 22. Nd4 Bxd4 23. Bxd4 b6 24. Rac1 Rac8 25. g4 Qe7 26. Rfd1 Qg5 27. a3
Qe7 28. Rxc8 Rxc8 29. Bxg7 Kxg7 30. Rxd5 Rc1+ 31. Kg2 Qb7 32. Rd4 Qa6 33. Qd3
Qb7+ 34. e4 Qc6 35. Rd6 Qc5 36. Rd7 Rc2 37. Qf3 Qf8 38. g5 Rc5 39. Qf6+ Kg8 40.
Rd8 1-0

[Event "M19"]
[Site "Vinkovci"]
[Date "2017.07.27"]
[Round "5.4"]
[White "Toplak, Juraj"]
[Black "Starcevic, Ante Leon"]
[Result "0-1"]
[WhiteElo "2032"]
[BlackElo "2102"]
[PlyCount "47"]
[EventDate "2017.07.24"]

1. e4 c5 2. c3 d5 3. exd5 Qxd5 4. d4 g6 5. dxc5 Qxd1+ 6. Kxd1 Nf6 7. Nf3 Bg7 8.
Bc4 Nbd7 9. b4 a5 10. Bb2 Ng4 11. Kc2 O-O 12. Re1 Nde5 13. Nxe5 Nxe5 14. Bd5
axb4 15. f4 Bf5+ 16. Be4 Nc4 17. Bxf5 gxf5 18. a3 Nxb2 19. Kxb2 bxc3+ 20. Nxc3
Ra5 21. Rxe7 Rb5+ 22. Kc2 Rxc5 23. Re5 Bxe5 24. fxe5 0-1

[Event "M19"]
[Site "Vinkovci"]
[Date "2017.07.27"]
[Round "5.5"]
[White "Paradzik, Berislav"]
[Black "Markovic, Franjo-Josip"]
[Result "0-1"]
[WhiteElo "2066"]
[BlackElo "1986"]
[PlyCount "73"]
[EventDate "2017.07.24"]

1. d4 Nf6 2. c4 g6 3. Nc3 d5 4. Bg5 Bg7 5. Bxf6 Bxf6 6. cxd5 c5 7. dxc5 Nd7 8.
e3 Nxc5 9. Bb5+ Kf8 10. Nge2 a6 11. Bd3 Qb6 12. Rb1 Nxd3+ 13. Qxd3 Kg7 14. O-O
Rd8 15. Rfd1 Bd7 16. Nd4 Rac8 17. h3 Qc5 18. Rbc1 b5 19. e4 Qb4 20. b3 Kg8 21.
f4 e5 22. Nf3 exf4 23. e5 Bf5 24. Qd4 Qxd4+ 25. Rxd4 Bg7 26. Kf2 f6 27. e6 Bf8
28. b4 g5 29. a3 Bd6 30. Rdd1 Rc4 31. Nd4 Bg6 32. Nc6 Rc8 33. Ne2 Rxc1 34. Rxc1
Kf8 35. Rd1 Be8 36. Ned4 Bg6 37. Kf3 0-1

[Event "M19"]
[Site "Vinkovci"]
[Date "2017.07.27"]
[Round "5.6"]
[White "Saric, Luka"]
[Black "Spiranec, Noemi"]
[Result "1-0"]
[WhiteElo "2110"]
[BlackElo "2040"]
[PlyCount "117"]
[EventDate "2017.07.24"]

1. Nf3 c5 2. c4 g6 3. e4 Bg7 4. d4 cxd4 5. Nxd4 d6 6. Nc3 Nf6 7. Be2 O-O 8. O-O
a6 9. Be3 Qc7 10. Rc1 Nbd7 11. f3 e6 12. Qd2 Re8 13. Rfd1 b6 14. b4 Bb7 15. Nb3
Bf8 16. Qe1 Rab8 17. Qf2 Ba8 18. Na4 Qb7 19. a3 Rec8 20. Bf4 Ne5 21. c5 b5 22.
Nb6 Rd8 23. Nxa8 Qxa8 24. cxd6 Ned7 25. Nc5 Nh5 26. Bg5 f6 27. Be3 Ng7 28. Qh4
g5 29. Qh3 Ne5 30. f4 gxf4 31. Bxf4 Ng6 32. Nxe6 Nxf4 33. Nxf4 Qxe4 34. Bd3
Qxf4 35. Bxh7+ Kh8 36. Bg6+ Nh5 37. Qxh5+ Bh6 38. Rc7 Qe3+ 39. Kf1 Qf4+ 40. Qf3
Rb6 41. Rh7+ Kg8 42. Qxf4 Bxf4 43. d7 Be5 44. Ke2 a5 45. Re7 Rbb8 46. bxa5 Bxh2
47. Kf3 Bc7 48. a6 Ra8 49. Rc1 Bb6 50. Re8+ Kg7 51. Rxd8 Rxd8 52. Bf5 Kf7 53.
Rc6 Ba7 54. Rc7 Bb6 55. Rc8 Ke7 56. Ke4 Ba7 57. Kd5 Bf2 58. Kc6 Bd4 59. Kxb5
1-0

[Event "M19"]
[Site "Vinkovci"]
[Date "2017.07.27"]
[Round "5.7"]
[White "Udovicic, Dominik"]
[Black "Bilic, Jakov"]
[Result "1-0"]
[WhiteElo "1823"]
[BlackElo "1497"]
[PlyCount "69"]
[EventDate "2017.07.24"]

1. e4 e5 2. f4 Bc5 3. Nc3 d6 4. Nf3 f6 5. Bc4 Bg4 6. h3 Bxf3 7. Qxf3 Nc6 8. f5
Nge7 9. Nd5 h5 10. Qg3 Kf8 11. c3 a6 12. b4 Ba7 13. d3 Nxd5 14. Bxd5 Qe8 15.
Bd2 Nd8 16. O-O-O c6 17. Bb3 Qd7 18. Qf3 Rc8 19. g4 h4 20. g5 Nf7 21. Be6 Qd8
22. g6 Nh6 23. Bxc8 Qxc8 24. Be3 Bxe3+ 25. Qxe3 Ng8 26. d4 Qc7 27. dxe5 fxe5
28. Qd3 Ke7 29. Qc4 Kd8 30. Qe6 Qe7 31. Rxd6+ Kc7 32. Qxe7+ Nxe7 33. Rhd1 Nd5
34. Re6 Kb6 35. Rxd5 1-0

[Event "M19"]
[Site "Vinkovci"]
[Date "2017.07.27"]
[Round "6.1"]
[White "Makovec, Bruno"]
[Black "Starcevic, Ante Leon"]
[Result "1/2-1/2"]
[WhiteElo "2193"]
[BlackElo "2102"]
[PlyCount "38"]
[EventDate "2017.07.24"]

1. e4 c5 2. Nf3 Nc6 3. d4 cxd4 4. Nxd4 Qb6 5. Nb3 Nf6 6. Nc3 e6 7. Be3 Qc7 8.
g3 Bb4 9. Bd2 a6 10. a3 Be7 11. Bg2 O-O 12. O-O d6 13. f4 b5 14. Qe2 Rb8 15.
Be3 b4 16. axb4 Nxb4 17. Kh1 Bd7 18. Qd2 Rfd8 19. Nd4 Nc6 1/2-1/2

[Event "M19"]
[Site "Vinkovci"]
[Date "2017.07.27"]
[Round "6.2"]
[White "Safar, Sandro"]
[Black "Vojak, Daniel"]
[Result "1-0"]
[WhiteElo "2185"]
[BlackElo "2197"]
[PlyCount "81"]
[EventDate "2017.07.24"]

1. e4 c5 2. Nc3 Nc6 3. f4 g6 4. Nf3 Bg7 5. d3 e6 6. g3 Nge7 7. Bg2 O-O 8. Be3
Nd4 9. O-O d6 10. Rb1 Bd7 11. Ne2 Nxe2+ 12. Qxe2 Bc6 13. c3 Qc7 14. Bf2 a6 15.
g4 d5 16. e5 b6 17. Bh4 Rac8 18. Bf6 d4 19. c4 Rfe8 20. Ng5 Rcd8 21. Bxc6 Qxc6
22. Ne4 Kf8 23. Qf2 Bxf6 24. Nxf6 Kg7 25. Nxe8+ Rxe8 26. b4 cxb4 27. Rxb4 Qc5
28. Rfb1 Rb8 29. Qb2 Nc8 30. a4 g5 31. Qf2 Ne7 32. R4b2 Ng6 33. fxg5 Nxe5 34.
Rf1 Rb7 35. Re2 Kg8 36. h4 Rd7 37. Qg3 Nc6 38. Qf4 e5 39. Qf5 Qd6 40. Qf6 Qb8
41. Qxc6 1-0

[Event "M19"]
[Site "Vinkovci"]
[Date "2017.07.27"]
[Round "6.3"]
[White "Pavcevic, Bruno"]
[Black "Plenca, Jadranko"]
[Result "0-1"]
[WhiteElo "2050"]
[BlackElo "2446"]
[PlyCount "64"]
[EventDate "2017.07.24"]

1. e4 e5 2. Nf3 Nc6 3. Bc4 Nf6 4. d3 Bc5 5. c3 O-O 6. Bb3 d5 7. Qe2 a5 8. a4 h6
9. Nbd2 dxe4 10. dxe4 Nh5 11. Nc4 Qf6 12. Be3 Nf4 13. Bxf4 Qxf4 14. g3 Qf6 15.
Ne3 Ne7 16. h3 Qb6 17. Bc4 Bxe3 18. Qxe3 Qf6 19. Kf1 Be6 20. Bxe6 Qxe6 21. Qc5
f5 22. Qxe5 Qf7 23. Kg2 Ra6 24. Rhe1 Re6 25. Qf4 Ng6 26. Qe3 fxe4 27. Nd4 Rf6
28. Qxe4 c5 29. Nb5 Rxf2+ 30. Kg1 Kh8 31. Nd6 Qd7 32. Qe6 Qc6 0-1

[Event "M19"]
[Site "Vinkovci"]
[Date "2017.07.27"]
[Round "6.4"]
[White "Erenda, Bruno"]
[Black "Saric, Luka"]
[Result "1/2-1/2"]
[WhiteElo "1997"]
[BlackElo "2110"]
[PlyCount "50"]
[EventDate "2017.07.24"]

1. d4 Nf6 2. c4 e6 3. Nc3 Bb4 4. e3 O-O 5. Nge2 d5 6. a3 Be7 7. Nf4 c6 8. Bd3
dxc4 9. Bxc4 Nbd7 10. O-O e5 11. Nfe2 Nb6 12. Bd3 Qd6 13. h3 Be6 14. b3 Rad8
15. Bc2 Qb8 16. Qe1 Rfe8 17. Bb2 Bc8 18. Qb1 exd4 19. Nxd4 g6 20. Qa2 Bf8 21.
Nce2 Bg7 22. Rad1 Qc7 23. b4 Qe7 24. Ng3 Nbd5 25. Rfe1 Nc7 1/2-1/2

[Event "M19"]
[Site "Vinkovci"]
[Date "2017.07.27"]
[Round "6.5"]
[White "Markovic, Franjo-Josip"]
[Black "Udovicic, Dominik"]
[Result "1-0"]
[WhiteElo "1986"]
[BlackElo "1823"]
[PlyCount "63"]
[EventDate "2017.07.24"]

1. Nf3 f5 2. d3 Nf6 3. e4 d6 4. Nc3 e5 5. exf5 Bxf5 6. g3 Be7 7. Bg2 c6 8. O-O
O-O 9. h3 Nbd7 10. Re1 Qc7 11. d4 Rad8 12. Qe2 Rfe8 13. dxe5 Nxe5 14. Nxe5 dxe5
15. Ne4 Bf8 16. g4 Bxe4 17. Bxe4 Bc5 18. Qc4+ Rd5 19. Bxd5+ cxd5 20. Qb3 Kh8
21. Be3 d4 22. Bg5 Qd7 23. Qg3 Qd5 24. Rad1 e4 25. Bxf6 gxf6 26. Qf4 Re6 27.
Qf5 Qc6 28. c3 d3 29. Rxd3 exd3 30. Rxe6 d2 31. Qxf6+ Kg8 32. Qd8+ 1-0

[Event "M19"]
[Site "Vinkovci"]
[Date "2017.07.27"]
[Round "6.6"]
[White "Toplak, Juraj"]
[Black "Zadravec, Matija"]
[Result "1/2-1/2"]
[WhiteElo "2032"]
[BlackElo "2150"]
[PlyCount "40"]
[EventDate "2017.07.24"]

1. c4 c6 2. Nf3 d5 3. b3 Bf5 4. g3 e6 5. Bg2 Nf6 6. O-O Bd6 7. Bb2 Nbd7 8. d3
O-O 9. Nbd2 e5 10. Nh4 Bg4 11. Re1 Nc5 12. Qc2 Qd7 13. e4 d4 14. b4 Ne6 15. c5
Bc7 16. h3 Bh5 17. Nc4 Rfe8 18. Kh2 h6 19. a4 Bg6 20. Ba3 Reb8 1/2-1/2

[Event "M19"]
[Site "Vinkovci"]
[Date "2017.07.27"]
[Round "6.7"]
[White "Bilic, Jakov"]
[Black "Spiranec, Noemi"]
[Result "0-1"]
[WhiteElo "1497"]
[BlackElo "2040"]
[PlyCount "78"]
[EventDate "2017.07.24"]

1. d4 Nf6 2. Bf4 d5 3. e3 e6 4. Nf3 c5 5. c3 Bd6 6. Ne5 O-O 7. Nd2 Nc6 8. Nxc6
bxc6 9. Bxd6 Qxd6 10. Bd3 Rb8 11. b3 cxd4 12. cxd4 c5 13. dxc5 Qxc5 14. O-O e5
15. Bc2 Bg4 16. Qc1 Rfc8 17. Bd3 e4 18. Qxc5 Rxc5 19. Bb1 Rbc8 20. b4 Rc1 21.
Nb3 R1c3 22. Nc5 Ra3 23. Rc1 Rb8 24. h3 Be2 25. Rc2 Bc4 26. Rb2 a5 27. b5 Rxb5
28. Rxb5 Bxb5 29. Nb3 a4 30. Nd4 Bc4 31. Bc2 Nd7 32. Kh2 g6 33. Nc6 Nc5 34. Nb4
Nd3 35. Rb1 Nxf2 36. Kg1 Nd3 37. Nc6 Rxa2 38. Bxd3 exd3 39. Rd1 Re2 0-1

[Event "M19"]
[Site "Vinkovci"]
[Date "2017.07.28"]
[Round "7.1"]
[White "Starcevic, Ante Leon"]
[Black "Safar, Sandro"]
[Result "1-0"]
[WhiteElo "2102"]
[BlackElo "2185"]
[PlyCount "69"]
[EventDate "2017.07.24"]

1. c4 e5 2. Nc3 Nc6 3. g3 f5 4. Bg2 d6 5. d3 g6 6. e3 Bg7 7. Nge2 Nf6 8. Rb1 a5
9. a3 O-O 10. b4 axb4 11. axb4 Ne7 12. Nd5 c6 13. Nxe7+ Qxe7 14. O-O Be6 15. b5
d5 16. bxc6 bxc6 17. cxd5 cxd5 18. f4 e4 19. Nd4 Nd7 20. Bb2 Bf7 21. dxe4 dxe4
22. Nc6 Qe6 23. Bxg7 Kxg7 24. Nd4 Qf6 25. g4 Nc5 26. gxf5 gxf5 27. Rb5 Rac8 28.
Qa1 Bc4 29. Rb6 Qxb6 30. Nxf5+ Kf7 31. Qg7+ Ke6 32. Qe5+ Kd7 33. Qe7+ Kc6 34.
Nd4+ Kd5 35. Qe5# 1-0

[Event "M19"]
[Site "Vinkovci"]
[Date "2017.07.28"]
[Round "7.2"]
[White "Vojak, Daniel"]
[Black "Plenca, Jadranko"]
[Result "0-1"]
[WhiteElo "2197"]
[BlackElo "2446"]
[PlyCount "70"]
[EventDate "2017.07.24"]

1. e4 e5 2. Nf3 Nc6 3. d4 exd4 4. Bc4 Nf6 5. e5 d5 6. Bb5 Ne4 7. Nxd4 Bc5 8.
O-O Bd7 9. Bxc6 bxc6 10. f3 Ng5 11. f4 Ne4 12. Be3 Bb6 13. c3 c5 14. Nb3 Bf5
15. Re1 O-O 16. N1d2 Nxd2 17. Qxd2 c4 18. Nd4 Be4 19. Qf2 Qe8 20. Qg3 f6 21.
Rf1 Rb8 22. Rf2 fxe5 23. fxe5 Rxf2 24. Qxf2 Qg6 25. Rf1 h6 26. e6 Kh7 27. g3
Re8 28. Qf7 c5 29. Nc6 Qxe6 30. Qxe6 Rxe6 31. Nb8 Re7 32. Nc6 Re8 33. Bf4 g5
34. Be5 d4 35. Rf7+ Kg8 0-1

[Event "M19"]
[Site "Vinkovci"]
[Date "2017.07.28"]
[Round "7.3"]
[White "Makovec, Bruno"]
[Black "Markovic, Franjo-Josip"]
[Result "1-0"]
[WhiteElo "2193"]
[BlackElo "1986"]
[PlyCount "79"]
[EventDate "2017.07.24"]

1. d4 Nf6 2. Nf3 g6 3. g3 Bg7 4. Bg2 O-O 5. c4 d5 6. cxd5 Nxd5 7. O-O Nb6 8.
Nc3 Nc6 9. e3 Re8 10. Re1 e5 11. d5 Na5 12. e4 c6 13. b3 cxd5 14. exd5 e4 15.
Nxe4 Bxa1 16. Bg5 f6 17. Bxf6 Bxf6 18. Nxf6+ Qxf6 19. Rxe8+ Kg7 20. Qe1 Bg4 21.
Rxa8 Nxa8 22. Ne5 Qe7 23. f4 b6 24. d6 Qxd6 25. Bxa8 Qd4+ 26. Qf2 Qd1+ 27. Kg2
Be6 28. Bf3 Bd5 29. Bxd5 Qxd5+ 30. Nf3 Nc6 31. Qb2+ Kf7 32. Qh8 Qe4 33. Qxh7+
Kf6 34. Qh8+ Kf7 35. Qc3 Qe2+ 36. Kh3 Qe6+ 37. g4 Ke7 38. Kg3 b5 39. Qc5+ Kd8
40. Qxb5 1-0

[Event "M19"]
[Site "Vinkovci"]
[Date "2017.07.28"]
[Round "7.4"]
[White "Saric, Luka"]
[Black "Paradzik, Berislav"]
[Result "0-1"]
[WhiteElo "2110"]
[BlackElo "2066"]
[PlyCount "148"]
[EventDate "2017.07.24"]

1. e4 c5 2. Nf3 Nc6 3. d4 cxd4 4. Nxd4 g6 5. c4 Bg7 6. Be3 Nh6 7. Nc3 O-O 8.
Be2 f5 9. exf5 Bxd4 10. Bxd4 Nxf5 11. Be3 Nxe3 12. fxe3 d6 13. Qd5+ Kh8 14. h4
Qb6 15. Qd2 Be6 16. h5 g5 17. h6 Qc5 18. b3 Qe5 19. O-O-O Rf2 20. Qd3 Nb4 21.
Qd4 Nxa2+ 22. Nxa2 Rxe2 23. Qxe5+ dxe5 24. Rd2 Rxd2 25. Kxd2 Rf8 26. Ke1 b5 27.
cxb5 Bxb3 28. Nc3 Rd8 29. Rf1 Kg8 30. Rf5 Rd3 31. Rxg5+ Kf8 32. Ne2 Rxe3 33.
Kd2 Re4 34. Kd3 Rh4 35. g4 Rxh6 36. Rxe5 Rh3+ 37. Kd4 Bd1 38. Nf4 Rh4 39. Rf5+
Ke8 40. Ke5 Bxg4 41. Rg5 Kf7 42. Ke4 Bd7 43. Rc5 Rh1 44. Nd3 Rb1 45. Ne5+ Ke6
46. Nc6 Bxc6+ 47. Rxc6+ Kd7 48. Rc5 Rb4+ 49. Kd3 Rh4 50. Rc6 Rb4 51. Rc5 h6 52.
Rh5 Kc7 53. Kc3 Re4 54. Rxh6 e6 55. Rh7+ Kb6 56. Re7 e5 57. Kd3 Rd4+ 58. Kc3
Rd5 59. Kc4 Rc5+ 60. Kd3 Rxb5 61. Re6+ Ka5 62. Kc3 Rc5+ 63. Kd3 Kb5 64. Re8 a5
65. Rb8+ Ka4 66. Rb1 Ka3 67. Ke4 a4 68. Ra1+ Kb3 69. Rb1+ Ka2 70. Rh1 a3 71.
Rh2+ Kb1 72. Rh1+ Rc1 73. Rh7 a2 74. Rb7+ Kc2 0-1

[Event "M19"]
[Site "Vinkovci"]
[Date "2017.07.28"]
[Round "7.5"]
[White "Spiranec, Noemi"]
[Black "Pavcevic, Bruno"]
[Result "0-1"]
[WhiteElo "2040"]
[BlackElo "2050"]
[PlyCount "100"]
[EventDate "2017.07.24"]

1. d4 Nf6 2. c4 e6 3. g3 d5 4. Nf3 Be7 5. Bg2 O-O 6. O-O c6 7. Qc2 b6 8. Nbd2
Bb7 9. e4 h6 10. e5 Nfd7 11. b3 a5 12. Bb2 Na6 13. a3 Rc8 14. Rac1 Qc7 15. Qb1
Qb8 16. Ne1 c5 17. cxd5 Bxd5 18. Bxd5 exd5 19. Qf5 Qb7 20. Nc2 Rcd8 21. Rfe1
Nc7 22. Qd3 Rfe8 23. f4 Nb8 24. Nf3 a4 25. dxc5 bxc5 26. b4 Nc6 27. Rb1 cxb4
28. axb4 Nxb4 29. Nxb4 Qxb4 30. Bd4 Qc4 31. Qe3 Ne6 32. Rec1 Qa6 33. f5 Nxd4
34. Qxd4 Qe2 35. Rf1 Rc8 36. Rb2 Qe4 37. Qd1 Bc5+ 38. Kg2 Rxe5 39. Re1 Be3 40.
Rbe2 d4 41. Qxa4 Rce8 42. Rf1 Rxf5 43. h3 h5 44. Kh2 Re6 45. Nd2 Qd5 46. Rxf5
Qxf5 47. Qa8+ Kh7 48. Qg2 h4 49. g4 Qf4+ 50. Kh1 Bxd2 0-1

[Event "M19"]
[Site "Vinkovci"]
[Date "2017.07.28"]
[Round "7.6"]
[White "Udovicic, Dominik"]
[Black "Toplak, Juraj"]
[Result "1/2-1/2"]
[WhiteElo "1823"]
[BlackElo "2032"]
[PlyCount "127"]
[EventDate "2017.07.24"]

1. e4 e6 2. d4 d5 3. exd5 exd5 4. Bd3 Bd6 5. h3 Nf6 6. Nf3 O-O 7. O-O Nc6 8. b3
Nb4 9. c4 Re8 10. Nc3 Nxd3 11. Qxd3 c6 12. Bb2 Bd7 13. Rae1 Qc7 14. Bc1 h6 15.
Ne5 dxc4 16. bxc4 c5 17. Nxd7 Qxd7 18. d5 a6 19. a4 Be5 20. Be3 b5 21. axb5
Bxc3 22. Qxc3 axb5 23. cxb5 Nxd5 24. Qxc5 Rac8 25. Qd4 Qxb5 26. Rb1 Qc4 27.
Rbc1 Qxd4 28. Bxd4 Rcd8 29. Rce1 Nf4 30. Rxe8+ Rxe8 31. Be3 Nd5 32. Bc5 Rc8 33.
Bd6 Rc6 34. Be5 Re6 35. Bd4 Rg6 36. Be5 Re6 37. Bd4 Nf4 38. Be3 Nh5 39. Rb1 Nf6
40. Rb8+ Re8 41. Rxe8+ Nxe8 42. Bf4 g5 43. Be5 f6 44. Bc3 Kf7 45. f3 h5 46. Kf2
Nc7 47. Ke2 Nd5 48. Bd2 h4 49. Kd3 Ke6 50. Kd4 Ne7 51. f4 Kf5 52. fxg5 fxg5 53.
Ke3 Ng6 54. Bc3 Nf4 55. Kf3 Nh5 56. Bd2 Ng3 57. Bb4 Ne4 58. Be1 Nc5 59. g3 hxg3
60. Kxg3 Nb3 61. Bf2 Nd2 62. Be3 Nf1+ 63. Kf3 Nxe3 64. Kxe3 1/2-1/2

[Event "M19"]
[Site "Vinkovci"]
[Date "2017.07.28"]
[Round "7.7"]
[White "Zadravec, Matija"]
[Black "Bilic, Jakov"]
[Result "1-0"]
[WhiteElo "2150"]
[BlackElo "1497"]
[PlyCount "51"]
[EventDate "2017.07.24"]

1. e4 e5 2. Nf3 Nc6 3. Bb5 a6 4. Ba4 Nf6 5. O-O Be7 6. Re1 d6 7. h3 O-O 8. c3
b5 9. Bc2 Be6 10. d4 Bc8 11. Nbd2 Bb7 12. Nf1 h6 13. Ng3 Qd7 14. Be3 Rfe8 15.
Qd2 Na5 16. b3 c6 17. Rad1 exd4 18. cxd4 Rad8 19. Qxa5 Bf8 20. Bc1 Qc8 21. Bb2
Nd7 22. Qd2 Nb6 23. Qd3 g6 24. d5 Bg7 25. Bxg7 Kxg7 26. Qd4+ 1-0

[Event "M19"]
[Site "Vinkovci"]
[Date "2017.07.29"]
[Round "8.1"]
[White "Pavcevic, Bruno"]
[Black "Makovec, Bruno"]
[Result "0-1"]
[WhiteElo "2050"]
[BlackElo "2193"]
[PlyCount "95"]
[EventDate "2017.07.24"]

1. e4 c5 2. b3 Nc6 3. Bb2 e5 4. Nf3 d6 5. Bb5 Nf6 6. Nc3 Be7 7. Qe2 Bd7 8.
O-O-O a6 9. Bxc6 Bxc6 10. g4 b5 11. g5 Nh5 12. Qe3 Nf4 13. Rdg1 O-O 14. Ne2
Nxe2+ 15. Qxe2 Qd7 16. h4 Qb7 17. Rg4 Bd7 18. Rg3 c4 19. h5 cxb3 20. axb3 a5
21. g6 fxg6 22. hxg6 h6 23. d4 exd4 24. Nxd4 Bf6 25. Rh5 Be5 26. Rd3 a4 27. b4
Rac8 28. f3 Rf6 29. Qg2 Rcf8 30. Ne2 Bxb2+ 31. Kxb2 Be8 32. Rhd5 Rxg6 33. Qf2
Rgf6 34. Nd4 Bc6 35. Rf5 Rxf5 36. Nxf5 d5 37. Qc5 dxe4 38. Rd6 Be8 39. fxe4
Qxe4 40. Nd4 Qe7 41. Qd5+ Bf7 42. Qc6 Qe1 43. Nxb5 a3+ 44. Nxa3 Qxb4+ 45. Kc1
Qxa3+ 46. Kd2 Qa5+ 47. c3 Qa2+ 48. Kc1 0-1

[Event "M19"]
[Site "Vinkovci"]
[Date "2017.07.29"]
[Round "8.2"]
[White "Plenca, Jadranko"]
[Black "Erenda, Bruno"]
[Result "1-0"]
[WhiteElo "2446"]
[BlackElo "1997"]
[PlyCount "67"]
[EventDate "2017.07.24"]

1. Nf3 d5 2. d4 Nf6 3. g3 Bf5 4. Bg2 e6 5. O-O Nbd7 6. c4 c6 7. Nbd2 Bd6 8. b3
h6 9. Bb2 O-O 10. Re1 Re8 11. Ne5 Bxe5 12. dxe5 Ng4 13. e4 dxe4 14. Nxe4 Ngxe5
15. Nd6 Nd3 16. Nxe8 Nxb2 17. Qd4 Qxe8 18. Qxb2 Qe7 19. Rad1 Nf6 20. b4 Qc7 21.
a3 Rc8 22. Qd4 Qb6 23. Qxb6 axb6 24. b5 Bc2 25. Rd6 Ba4 26. Rb1 Bc2 27. Rb2 Be4
28. bxc6 bxc6 29. Rxb6 Ra8 30. Bxe4 Nxe4 31. Rd4 Ng5 32. Kg2 e5 33. Rd3 Rc8 34.
Rdb3 1-0

[Event "M19"]
[Site "Vinkovci"]
[Date "2017.07.29"]
[Round "8.3"]
[White "Paradzik, Berislav"]
[Black "Safar, Sandro"]
[Result "1-0"]
[WhiteElo "2066"]
[BlackElo "2185"]
[PlyCount "75"]
[EventDate "2017.07.24"]

1. e4 c5 2. Nf3 Nc6 3. Bb5 g6 4. Bxc6 dxc6 5. d3 Bg7 6. h3 e5 7. a4 a5 8. Na3
f6 9. Be3 b6 10. Nc4 Be6 11. Nfd2 g5 12. b4 axb4 13. a5 b5 14. Nb6 Ra6 15. Bxc5
Bf8 16. Be3 h5 17. Nb3 Bxb3 18. cxb3 Bd6 19. Qf3 Be7 20. Ke2 Qd6 21. Rhc1 Qe6
22. Bc5 Bd6 23. d4 g4 24. Qf5 Qxf5 25. exf5 Bxc5 26. Rxc5 Ne7 27. dxe5 Nxf5 28.
Rd1 Nh4 29. exf6 Nxg2 30. hxg4 hxg4 31. Rd4 Rxa5 32. Rxg4 Ra2+ 33. Kf3 Ne1+ 34.
Kg3 Re2 35. Rxc6 Rh1 36. Rg8+ Kf7 37. Rg7+ Kf8 38. Rc8+ 1-0

[Event "M19"]
[Site "Vinkovci"]
[Date "2017.07.29"]
[Round "8.4"]
[White "Starcevic, Ante Leon"]
[Black "Zadravec, Matija"]
[Result "1-0"]
[WhiteElo "2102"]
[BlackElo "2150"]
[PlyCount "133"]
[EventDate "2017.07.24"]

1. c4 c5 2. Nf3 Nc6 3. Nc3 g6 4. g3 Bg7 5. Bg2 Nf6 6. O-O O-O 7. e3 d6 8. d4
cxd4 9. Nxd4 Bd7 10. b3 Rc8 11. Bb2 a6 12. Qd2 Nxd4 13. exd4 b5 14. cxb5 axb5
15. b4 Qb6 16. Rac1 Rc4 17. Nd5 Nxd5 18. Rxc4 bxc4 19. Bxd5 Bb5 20. Ra1 e6 21.
Bf3 Ba4 22. d5 e5 23. Qc3 Rc8 24. Be2 f5 25. Rc1 Bb5 26. Qe3 Qb7 27. a4 Bxa4
28. Ra1 Qxb4 29. Bc3 Qb3 30. Bd1 Qxd1+ 31. Rxd1 Bxd1 32. f4 Re8 33. Bb2 Ra8 34.
Qb6 Kh8 35. Qxd6 exf4 36. Bxg7+ Kxg7 37. Qe5+ Kg8 38. d6 c3 39. Qxc3 Ba4 40.
gxf4 Bd7 41. Kf2 Rf8 42. Qe5 Re8 43. Qf6 Rf8 44. Qe5 Rf7 45. Kg3 Rg7 46. Kh4 h6
47. Qc3 Kh7 48. Qc7 Rf7 49. Qd8 Be6 50. Kg3 Bd7 51. h4 h5 52. Kf3 Bc6+ 53. Ke3
Bd7 54. Kd4 Be6 55. Ke5 Bd7 56. Kd5 Kg7 57. Qb8 Kh7 58. Qb2 Kg8 59. Qe5 Kh7 60.
Kc5 Kg8 61. Kb6 Ba4 62. Qa5 Bd7 63. Kc7 Ba4+ 64. Kd8 Bd7 65. Qe5 Kh7 66. Qd5
Kg7 67. Qxf7+ 1-0

[Event "M19"]
[Site "Vinkovci"]
[Date "2017.07.29"]
[Round "8.5"]
[White "Markovic, Franjo-Josip"]
[Black "Vojak, Daniel"]
[Result "0-1"]
[WhiteElo "1986"]
[BlackElo "2197"]
[PlyCount "54"]
[EventDate "2017.07.24"]

1. d4 Nf6 2. c4 g6 3. Nc3 Bg7 4. e4 d6 5. f4 O-O 6. Nf3 c5 7. d5 e6 8. Be2 exd5
9. cxd5 Re8 10. e5 Nfd7 11. e6 fxe6 12. dxe6 Nf8 13. O-O Nxe6 14. Bc4 Nc6 15.
f5 gxf5 16. Ng5 h6 17. Nxe6 Bxe6 18. Bxe6+ Rxe6 19. Qb3 Qd7 20. Nd5 Nd4 21. Qh3
Rae8 22. Nf4 Re4 23. Bd2 Qb5 24. Kh1 Qxb2 25. Bc3 Qa3 26. Nd5 R8e5 27. Bxd4
Qxh3 0-1

[Event "M19"]
[Site "Vinkovci"]
[Date "2017.07.29"]
[Round "8.6"]
[White "Udovicic, Dominik"]
[Black "Saric, Luka"]
[Result "1-0"]
[WhiteElo "1823"]
[BlackElo "2110"]
[PlyCount "51"]
[EventDate "2017.07.24"]

1. e4 c5 2. Nc3 e6 3. Bc4 Nc6 4. f4 Nf6 5. e5 Ng8 6. Nf3 d6 7. exd6 Bxd6 8. d3
Nf6 9. O-O O-O 10. Ne4 Be7 11. Qe1 b6 12. c3 Bb7 13. Qe2 Qc7 14. Bd2 Rad8 15.
Rad1 a6 16. Bb3 Rd7 17. Bc1 Rfd8 18. f5 e5 19. Nfg5 Rf8 20. Nxf6+ Bxf6 21. Qh5
h6 22. Ne4 Qd8 23. Bxh6 gxh6 24. Qg6+ Kh8 25. Qxh6+ Kg8 26. Nxf6+ 1-0

[Event "M19"]
[Site "Vinkovci"]
[Date "2017.07.29"]
[Round "8.7"]
[White "Toplak, Juraj"]
[Black "Bilic, Jakov"]
[Result "1-0"]
[WhiteElo "2032"]
[BlackElo "1497"]
[PlyCount "43"]
[EventDate "2017.07.24"]

1. e4 e5 2. Nf3 Nc6 3. d4 exd4 4. Nxd4 Bc5 5. Be3 Nxd4 6. Bxd4 Bxd4 7. Qxd4 Nf6
8. Nc3 O-O 9. Bd3 d6 10. O-O Be6 11. Rad1 a6 12. f4 Ng4 13. Be2 Nf6 14. e5 dxe5
15. Qxe5 Qc8 16. f5 Bd7 17. Bc4 Re8 18. Qf4 b5 19. Bd5 Nxd5 20. Nxd5 Ra7 21. f6
Be6 22. Ne7+ 1-0

[Event "M19"]
[Site "Vinkovci"]
[Date "2017.07.30"]
[Round "9.1"]
[White "Makovec, Bruno"]
[Black "Paradzik, Berislav"]
[Result "1-0"]
[WhiteElo "2193"]
[BlackElo "2066"]
[PlyCount "61"]
[EventDate "2017.07.24"]

1. d4 Nf6 2. Nf3 g6 3. c4 Bg7 4. Nc3 O-O 5. e4 d6 6. Be2 e5 7. O-O Nc6 8. d5
Ne7 9. b4 Nd7 10. Nd2 f5 11. f3 Bh6 12. Nb3 Bxc1 13. Rxc1 Nf6 14. exf5 gxf5 15.
f4 e4 16. Kh1 c6 17. dxc6 bxc6 18. Qd2 Qc7 19. c5 d5 20. Nd4 Bd7 21. b5 Ne8 22.
bxc6 Nxc6 23. Nxd5 Qd8 24. Nxc6 Bxc6 25. Bc4 Kh8 26. Qc3+ Ng7 27. Rfd1 Ba4 28.
Bb3 Bxb3 29. axb3 Qh4 30. c6 Rac8 31. Qd4 1-0

[Event "M19"]
[Site "Vinkovci"]
[Date "2017.07.30"]
[Round "9.2"]
[White "Plenca, Jadranko"]
[Black "Toplak, Juraj"]
[Result "1-0"]
[WhiteElo "2446"]
[BlackElo "2032"]
[PlyCount "67"]
[EventDate "2017.07.24"]

1. Nf3 Nf6 2. c4 e6 3. g3 b6 4. Bg2 Bb7 5. O-O Be7 6. d4 O-O 7. Nc3 d5 8. Nd2
c5 9. Nb3 cxd4 10. Nxd4 Qd7 11. cxd5 Nxd5 12. Nxd5 Bxd5 13. Bxd5 Qxd5 14. Be3
Bf6 15. Qa4 Nd7 16. Rfd1 Nc5 17. Qb5 Rfd8 18. Nc6 Qxd1+ 19. Rxd1 Rxd1+ 20. Kg2
Rd5 21. b4 Ne4 22. Qa6 b5 23. Nxa7 Nc3 24. Qc6 Rf8 25. Bc5 Rfd8 26. Nxb5 Nxa2
27. Nc7 Rd2 28. b5 Rxe2 29. b6 Rc2 30. b7 g5 31. Na6 Bd4 32. Qc8 Rxf2+ 33. Kh3
Bf6 34. Bxf2 1-0

[Event "M19"]
[Site "Vinkovci"]
[Date "2017.07.30"]
[Round "9.3"]
[White "Pavcevic, Bruno"]
[Black "Starcevic, Ante Leon"]
[Result "1/2-1/2"]
[WhiteElo "2050"]
[BlackElo "2102"]
[PlyCount "20"]
[EventDate "2017.07.24"]

1. c4 c5 2. Nc3 Nc6 3. Nf3 Nf6 4. g3 g6 5. Bg2 Bg7 6. O-O O-O 7. d3 d6 8. e4 e5
9. h3 h6 10. Be3 Bxh3 1/2-1/2